书目信息 |
| 题名: |
隋唐制度渊源略论稿
|
|
| 作者: | 陈寅恪 著 | |
| 分册: | ||
| 出版信息: | 南京 江苏人民出版社 2020 |
|
| 页数: | 329页 | |
| 开本: | 21cm | |
| 丛书名: | ||
| 单 册: | ||
| 中图分类: | D691.21 | |
| 科图分类: | ||
| 主题词: | 政治制度--zheng zhi zhi du--研究--中国--隋唐时代 | |
| 电子资源: | ||
| ISBN: | 978-7-214-23487-2 | |
| 000 | 00810nam0 2200241 450 | |
| 001 | 2159274635 | |
| 005 | 20210926145359.0 | |
| 010 | @a978-7-214-23487-2@b精装@dCNY68.00 | |
| 100 | @a20201105d2020 em y0chiy0120 ea | |
| 101 | 0 | @achi |
| 102 | @aCN@b320000 | |
| 105 | @ay z 000yy | |
| 106 | @ar | |
| 200 | 1 | @a隋唐制度渊源略论稿@Atang dai zheng zhi shi shu lun gao@Asui tang zhi du yuan yuan lue lun gao@a唐代政治史述论稿@f陈寅恪著 |
| 210 | @a南京@c江苏人民出版社@d2020 | |
| 215 | @a329页@d21cm | |
| 300 | @a陈寅格精选集 | |
| 330 | @a本书主要内容包括:叙论、礼仪、职官、刑律、音乐、兵制、财政、附论。 | |
| 606 | 0 | @a政治制度@Azheng zhi zhi du@x研究@y中国@z隋唐时代 |
| 690 | @aD691.21@v5 | |
| 701 | 0 | @a陈寅恪@Achen yin ke@4著 |
| 801 | 0 | @aCN@b百万庄@c20210926 |
| 905 | @b1299860-63@dD691.21@e298@f4 | |
| 隋唐制度渊源略论稿;唐代政治史述论稿/陈寅恪著.-南京:江苏人民出版社,2020 |
| 329页;21cm |
| 陈寅格精选集 |
| ISBN 978-7-214-23487-2(精装):CNY68.00 |
| 本书主要内容包括:叙论、礼仪、职官、刑律、音乐、兵制、财政、附论。 |
| ● |
| 相关链接 |
|
|
|
|
正题名:隋唐制度渊源略论稿
索取号:D691.21/298
 
预约/预借
| 序号 | 登录号 | 条形码 | 馆藏地/架位号 | 状态 | 备注 |
| 1 | 1299860 | 212998602 | 第一样本阅览室/ [索取号:D691.21/298] | 在馆 | |
| 2 | 1299861 | 212998611 | 第一借阅区/ [索取号:D691.21/298] | 在馆 | |
| 3 | 1299862 | 212998620 | 第一借阅区/ [索取号:D691.21/298] | 在馆 | |
| 4 | 1299863 | 212998639 | 第一借阅区/ [索取号:D691.21/298] | 在馆 |